000 00454nam a2200157 a 4500
001 000023139
005 20200930022020.0
008 101129s1970 ck 000 0 spa d
040 _aDO-SdBNP
_bspa
_cBNPHU
082 _ann*
_bnn*
100 1 _aLópez de Mesa, Luis.
_947645
245 1 0 _aEscrutinio sociológico de la historia colombiana /
_cLuis López de Mesa.
260 _aMedellín :
_bBedout,
_c1970.
300 _a256 p. ;
_c18 cm.
049 _aBNGR
999 _c22636
_d22636